| 000 | 01154nam a2200289Ia 4500 | ||
|---|---|---|---|
| 001 | ebr10126099 | ||
| 003 | CaPaEBR | ||
| 006 | m u | ||
| 007 | cr cn||||||||| | ||
| 008 | 060501s2006 dcu s 000 0 eng d | ||
| 020 | _z0821366254 | ||
| 040 |
_aCaPaEBR _cCaPaEBR |
||
| 035 | _a(OCoLC)560093962 | ||
| 050 | 1 | 4 |
_aHV40 _b.P37 2006eb |
| 245 | 0 | 0 |
_aParticipatory approaches to attacking extreme poverty _h[electronic resource] : _bcases studies led by the International movement ATD fourth world / _cedited by Xavier Godinot and Quentin Wodon. |
| 260 |
_aWashington, D.C. : _bWorld Bank, _c2006. |
||
| 300 | _axii, 115 p. | ||
| 533 |
_aElectronic reproduction. _bPalo Alto, Calif. : _cebrary, _d2009. _nAvailable via World Wide Web. _nAccess may be limited to ebrary affiliated libraries. |
||
| 650 | 0 | _aPoverty. | |
| 650 | 0 | _aPolitical planning. | |
| 655 | 7 |
_aElectronic books. _2local |
|
| 700 | 1 | _aWodon, Quentin. | |
| 700 | 1 | _aGodinot, Xavier. | |
| 710 | 2 | _aWorld Bank. | |
| 710 | 2 | _aebrary, Inc. | |
| 856 | 4 | 0 |
_uhttp://site.ebrary.com/lib/rucke/Doc?id=10126099 _zAn electronic book accessible through the World Wide Web; click to view |
| 999 |
_c81074 _d81074 |
||